|
|
|
|
| LEADER |
01140nam a22003137a 4500 |
| 001 |
41451 |
| 003 |
BD-DhAAL |
| 005 |
20230829124943.0 |
| 008 |
230828t1997 nyua|||| |||| 001 0 eng d |
| 020 |
|
|
|a 0026428164
|
| 020 |
|
|
|a 0026428172
|
| 020 |
|
|
|a 9780026428163
|
| 040 |
|
|
|a BD-DhAAL
|d BD-DhAAL
|
| 082 |
|
|
|a 640
|
| 100 |
|
|
|a Clayton, Nanalee.
|9 55435
|
| 245 |
|
|
|a Young living /
|c Nanalee Clayton,Glencoe/McGraw-Hill.
|
| 250 |
|
|
|a Seventh edition
|
| 260 |
|
|
|a New York :
|b Glencoe/McGraw-Hill,
|c ©1997.
|
| 300 |
|
|
|a ix, 566 pages :
|b color illustrations ;
|c 26 cm.
|
| 500 |
|
|
|a Includes index.
|
| 541 |
|
|
|a A donation from Ayesha Abed Foundation
|e 41451
|
| 650 |
|
|
|a Home economics.
|
| 650 |
|
|
|a Adolescence.
|
| 710 |
|
|
|a Glencoe/McGraw-Hill.
|
| 852 |
|
|
|a Savar Campus Library
|c General Stacks
|
| 942 |
|
|
|2 ddc
|c BK
|
| 999 |
|
|
|c 46127
|d 46127
|
| 952 |
|
|
|0 0
|1 0
|2 ddc
|4 0
|6 640_000000000000000_CLA
|7 0
|9 74300
|a SCL
|b SCL
|c GEN
|d 2023-08-28
|l 0
|o 640 CLA
|p 3020041451
|r 2023-08-28
|t 1
|w 2023-08-28
|y BK
|
| 952 |
|
|
|0 0
|1 0
|2 ddc
|4 0
|6 640_000000000000000_CLA
|7 0
|9 74301
|a SCL
|b SCL
|c GEN
|d 2023-08-28
|l 0
|o 640 CLA
|p 3020041452
|r 2023-08-28
|t 1
|w 2023-08-28
|y BK
|